000 00259nam a2200097Ia 4500
001 652698
005 20250826154443.0
008 250824s9999 xx 000 0 und d
245 0 _aGELİNCİK DİZ/ DELİ BEY
_cGÜLTEN DAYIOĞLU
260 _bALTIN KİTAP YAYINLARI
999 _c652698
_d652698